00588nam a2200169 i 4500001000400000100003400004245010100038650002100139040000800160041000800168080001600176942000700192008004100199999001700240856009800257952006300355bgj1 aBRECHT, Bertolt.d(1898-1956)10aMutter Courage und ihre Kinder :beine Chronik aus dem Dreißigjahrigen Krieg /cBertolt Brecht.9 aDramat niemiecki cBPK ager a821.112.2-2 cKS s gw f |000 0 ger  c49521d49521 uhttp://koha.tu.koszalin.pl/cgi-bin/koha/opac-detail.pl?biblionumber=49521yKatalog online BPK 00104071aBPKbBPKcmhoN 1290p02439518yKSzKserokopia